Introduction to politics (Record no. 420105)

000 -LEADER
fixed length control field 00391cam a22001337a 4500
008 - FIXED-LENGTH DATA ELEMENTS--GENERAL INFORMATION
fixed length control field 180718b1942 xxu||||| |||| 00| 0 eng d
082 ## - DEWEY DECIMAL CLASSIFICATION NUMBER
Classification number B2 P344
245 ## - TITLE STATEMENT
Title Introduction to politics
Statement of responsibility, etc. edited by Roy V. Peel and Joseph S. Roucek
260 ## - PUBLICATION, DISTRIBUTION, ETC.
Place of publication, distribution, etc. New York
Name of publisher, distributor, etc. ThomasY. Crowell
Date of publication, distribution, etc. 1942
300 ## - PHYSICAL DESCRIPTION
Extent xvi, 587p
650 ## - SUBJECT ADDED ENTRY--TOPICAL TERM
Topical term or geographic name entry element Political science.
700 ## - ADDED ENTRY--PERSONAL NAME
Personal name Roucek, Joseph S.
700 ## - ADDED ENTRY--PERSONAL NAME
Personal name Peel, Roy V.
Holdings
Withdrawn status Lost status Damaged status Not for loan Permanent Location Current Location Date acquired Full call number Barcode Date last seen Price effective from Koha item type
        Indian Institute of Public Administration Indian Institute of Public Administration 2009-07-13 B2 P344 12186 2018-07-21 2018-07-21 Book

Powered by Koha